<?xml version="1.0" encoding="UTF-8"?>
<marc:record xmlns:marc="http://www.loc.gov/MARC21/slim">
   <marc:leader>00000nam a2200000 a 4500</marc:leader>
   <marc:datafield ind1="1" ind2=" " tag="100">
      <marc:subfield code="a">Speck, Daniel</marc:subfield>
      <marc:subfield code="4">aut</marc:subfield>
      <marc:subfield code="e">Verfasser/-in</marc:subfield>
   </marc:datafield>
   <marc:datafield ind1="0" ind2="0" tag="245">
      <marc:subfield code="a">Villa Rivolta</marc:subfield>
   </marc:datafield>
   <marc:datafield ind1="0" ind2="0" tag="245">
      <marc:subfield code="b">Roman</marc:subfield>
   </marc:datafield>
   <marc:datafield ind1=" " ind2="1" tag="264">
      <marc:subfield code="b">FISCHER</marc:subfield>
      <marc:subfield code="c">2026</marc:subfield>
   </marc:datafield>
   <marc:datafield ind1="1" ind2=" " tag="520">
      <marc:subfield code="a">Ein Mailänder Garten. Zwei Kindheitsfreunde, ein Familiengeheimnis und eine unmögliche Liebe im Italien der goldenen sechziger Jahre.Valeria und Piero sind Freunde seit Kindheitstagen. Klassenunterschiede, Kriegsfolgen und die zeitgeschichtlichen Ereignisse in Italien bis 1979 begleiten das Leben der beiden durch Höhen und Tiefen.</marc:subfield>
   </marc:datafield>
   <marc:datafield ind1=" " ind2=" " tag="020">
      <marc:subfield code="a">9783758700316</marc:subfield>
      <marc:subfield code="9">9783758700316</marc:subfield>
   </marc:datafield>
</marc:record>
